| 000 -LEADER | |
|---|---|
| fixed length control field | 00393nam a22001697a 4500 |
| 005 - DATE AND TIME OF LATEST TRANSACTION | |
| control field | 20160630120122.0 |
| 008 - FIXED-LENGTH DATA ELEMENTS--GENERAL INFORMATION | |
| fixed length control field | 160630b xxu||||| |||| 00| 0 eng d |
| 020 ## - INTERNATIONAL STANDARD BOOK NUMBER | |
| ISBN | 81-85749-51-5 |
| 041 ## - LANGUAGE CODE | |
| Language code of text/sound track or separate title | eng |
| 082 ## - DEWEY DECIMAL CLASSIFICATION NUMBER | |
| Item number | 16242 |
| 100 ## - MAIN ENTRY--AUTHOR NAME | |
| Personal name | Verma, A P |
| 245 ## - TITLE STATEMENT | |
| Title | Machine Design |
| 260 ## - PUBLICATION, DISTRIBUTION, ETC. (IMPRINT) | |
| Name of publisher | S.K. Kataria & Sons |
| Year of publication | 2012 |
| 300 ## - PHYSICAL DESCRIPTION | |
| Number of Pages | 460 |
| 650 ## - SUBJECT ADDED ENTRY--TOPICAL TERM | |
| Topical Term | Diploma Engineering |
| 942 ## - ADDED ENTRY ELEMENTS (KOHA) | |
| Koha item type | Books |
| Lost status | Damaged status | Home library | Date acquired | Cost, normal purchase price | Full call number | Accession Number | Koha item type | Current library | Shelving location |
|---|---|---|---|---|---|---|---|---|---|
| JRU Library | 30/06/2016 | 165.00 | 16242 | 16242 | Books | ||||
| JRU Library | 30/06/2016 | 165.00 | 16242 | 16243 | Books | ||||
| JRU Library | 30/06/2016 | 165.00 | 16242 | 16244 | Books | ||||
| JRU Library | 30/06/2016 | 165.00 | 16242 | 16245 | Books | ||||
| JRU Library | 30/06/2016 | 165.00 | 16242 | 16246 | Books | ||||
| JRU Library | 30/06/2016 | 165.00 | 16242 | 16247 | Books | ||||
| JRU Library | 30/06/2016 | 165.00 | 16242 | 16248 | Books | ||||
| JRU Library | 30/06/2016 | 165.00 | 16242 | 16249 | Books | ||||
| JRU Library | 30/06/2016 | 165.00 | 16242 | 16250 | Books | ||||
| JRU Library | 30/06/2016 | 165.00 | 16242 | 16251 | Books | ||||
| JRU Library | 30/06/2016 | 165.00 | 16242 | 16252 | Books | SHELF-47-H | |||
| JRU Library | 30/06/2016 | 165.00 | 16242 | 16253 | Books | ||||
| JRU Library | 30/06/2016 | 165.00 | 16242 | 16254 | Books | ||||
| JRU Library | 30/06/2016 | 165.00 | 16242 | 16255 | Books | ||||
| JRU Library | 30/06/2016 | 165.00 | 16242 | 16256 | Books | ||||
| JRU Library | 30/06/2016 | 165.00 | 16242 | 16257 | Books | ||||
| JRU Library | 30/06/2016 | 165.00 | 16242 | 16258 | Books | SHELF-47-H |